[Event "Masters Tournament (MTO)"]
[Site "Biel, CH"]
[Date "2025.07.18"]
[Round "5"]
[White "Wuebker, Paul-Luca"]
[Black "Adewumi, Tanitoluwa"]
[Result "1-0"]
[Board "8"]
[WhiteFideId "12939528"]
[BlackFideId "30966396"]
[WhiteTitle "CM"]
[BlackTitle "FM"]
[WhiteElo "2250"]
[BlackElo "2397"]
[WhiteTeam "GER"]
[BlackTeam "USA"]
[WhiteClock "0:11:14"]
[BlackClock "0:01:06"]
[Variant "Standard"]

1. d4 {[%clk 1:40:58]}  g6 {[%clk 1:40:31]} 2. c4 {[%clk 1:38:49]}  Bg7 {[%clk 1:40:30]} 3. e4 {[%clk 1:37:43]}  d6 {[%clk 1:40:51]} 4. Nf3 {[%clk 1:36:32]}  c5 {[%clk 1:39:21]} 5. d5 {[%clk 1:32:23]}  e6 {[%clk 1:39:02]} 6. Bd3 {[%clk 1:31:58]}  exd5 {[%clk 1:39:09]} 7. exd5 {[%clk 1:32:22]}  Qe7+ {[%clk 1:37:29]} 8. Be2 {[%clk 1:30:48]}  Bg4 {[%clk 1:35:11]} 9. O-O {[%clk 1:27:44]}  Nd7 {[%clk 1:29:25]} 10. Re1 {[%clk 1:27:49]}  O-O-O {[%clk 1:24:11]} 11. Nc3 {[%clk 1:22:17]}  Kb8 {[%clk 1:13:25]} 12. Bf4 {[%clk 1:04:06]}  Bxf3 {[%clk 1:04:26]} 13. Bxf3 {[%clk 1:04:21]}  Ne5 {[%clk 1:04:50]} 14. Be2 {[%clk 1:04:02]}  g5 {[%clk 1:01:39]} 15. Bd2 {[%clk 0:54:16]}  f5 {[%clk 0:50:13]} 16. Rb1 {[%clk 1:02:14]}  f4 {[%clk 0:43:25]} 17. b4 {[%clk 0:58:46]}  Nf6 {[%clk 0:42:08]} 18. bxc5 {[%clk 0:53:43]}  dxc5 {[%clk 0:42:36]} 19. Qc2 {[%clk 0:43:58]}  Rhe8 {[%clk 0:28:25]} 20. Na4 {[%clk 0:36:11]}  Qd6 {[%clk 0:29:32]} 21. Qf5 {[%clk 0:33:16]}  h6 {[%clk 0:21:51]} 22. Rb5 {[%clk 0:27:51]}  Ned7 {[%clk 0:11:08]} 23. Qd3 {[%clk 0:22:36]}  Re4 {[%clk 0:12:04]} 24. Reb1 {[%clk 0:19:18]}  b6 {[%clk 0:12:33]} 25. Ba5 {[%clk 0:16:44]}  Kc7 {[%clk 0:11:28]} 26. Qa3 {[%clk 0:14:34]}  bxa5 {[%clk 0:00:50]} 27. Nc3 {[%clk 0:07:00]}  Ra8 {[%clk 0:00:32]} 28. Qxa5+ {[%clk 0:06:30]}  Kc8 {[%clk 0:00:46]} 29. Nxe4 {[%clk 0:06:23]}  Nxe4 {[%clk 0:01:12]} 30. Bg4 {[%clk 0:06:36]}  Bc3 {[%clk 0:00:46]} 31. Bxd7+ {[%clk 0:04:07]}  Kxd7 {[%clk 0:01:10]} 32. Rb7+ {[%clk 0:04:07]}  Ke8 {[%clk 0:01:33]} 33. Qa4+ {[%clk 0:04:16]}  Kf8 {[%clk 0:01:58]} 34. Rd7 {[%clk 0:02:53]}  Qf6 {[%clk 0:00:45]} 35. Qb5 {[%clk 0:01:46]}  Re8 {[%clk 0:00:46]} 36. Rxa7 {[%clk 0:01:37]}  Bd4 {[%clk 0:00:32]} 37. Qd7 {[%clk 0:00:54]}  Nxf2 {[%clk 0:00:34]} 38. h3 {[%clk 0:00:44]}  f3 {[%clk 0:00:39]} 39. Qxe8+ {[%clk 0:00:38]}  Kxe8 {[%clk 0:01:04]} 40. Rb8+ {[%clk 0:01:02]}  Qd8 {[%clk 0:01:33]} 41. Rxd8+ {[%clk 0:01:21]}  Kxd8 {[%clk 0:02:01]} 42. gxf3 {[%clk 0:01:19]}  Nd3+ {[%clk 0:01:57]} 43. Kf1 {[%clk 0:29:32]}  Ne5 {[%clk 0:32:09]} 44. Ke2 {[%clk 0:29:43]}  Nxc4 {[%clk 0:32:31]} 45. Rh7 {[%clk 0:30:04]}  Na3 {[%clk 0:32:44]} 46. Rxh6 {[%clk 0:30:04]}  c4 {[%clk 0:33:10]} 47. h4 {[%clk 0:22:49]}  gxh4 {[%clk 0:27:49]} 48. Rxh4 {[%clk 0:23:12]}  Be5 {[%clk 0:24:21]} 49. f4 {[%clk 0:15:48]}  Bb2 {[%clk 0:24:36]} 50. Rh6 {[%clk 0:15:34]}  Nc2 {[%clk 0:21:08]} 51. Kd1 {[%clk 0:14:37]}  Nd4 {[%clk 0:19:15]} 52. a4 {[%clk 0:14:27]}  Bc3 {[%clk 0:19:09]} 53. Rh7 {[%clk 0:08:05]}  Bb4 {[%clk 0:17:16]} 54. Rb7 {[%clk 0:07:59]}  Ba5 {[%clk 0:15:56]} 55. Ra7 {[%clk 0:07:24]}  Bb6 {[%clk 0:14:14]} 56. Rb7 {[%clk 0:07:41]}  Ba5 {[%clk 0:13:18]} 57. Ra7 {[%clk 0:08:05]}  Bb4 {[%clk 0:12:48]} 58. Rb7 {[%clk 0:05:53]}  Bc3 {[%clk 0:08:32]} 59. Rh7 {[%clk 0:07:02]}  Kc8 {[%clk 0:06:10]} 60. d6 {[%clk 0:05:59]}  Ba5 {[%clk 0:06:23]} 61. f5 {[%clk 0:04:33]}  Nxf5 {[%clk 0:00:34]} 62. Rh5 {[%clk 0:04:58]}  Ne3+ {[%clk 0:00:42]} 63. Ke2 {[%clk 0:05:23]}  Bb6 {[%clk 0:00:49]} 64. a5 {[%clk 0:05:47]}  Bd4 {[%clk 0:01:00]} 65. Rh4 {[%clk 0:06:12]}  Bc5 {[%clk 0:00:42]} 66. Re4 {[%clk 0:06:25]}  Nf5 {[%clk 0:00:32]} 67. Rxc4 {[%clk 0:06:43]}  Nxd6 {[%clk 0:00:32]} 68. Rxc5+ {[%clk 0:07:08]}  Kb7 {[%clk 0:01:00]} 69. Kd3 {[%clk 0:07:26]}  Ka7 {[%clk 0:00:34]} 70. Rd5 {[%clk 0:07:46]}  Nc8 {[%clk 0:00:33]} 71. Kc4 {[%clk 0:08:05]}  Ka6 {[%clk 0:00:56]} 72. Kb4 {[%clk 0:08:28]}  Kb7 {[%clk 0:00:31]} 73. Rh5 {[%clk 0:07:37]}  Na7 {[%clk 0:00:47]} 74. Rh6 {[%clk 0:06:52]}  Nc6+ {[%clk 0:00:47]} 75. Kb5 {[%clk 0:07:03]}  Nd4+ {[%clk 0:01:00]} 76. Kc4 {[%clk 0:07:27]}  Nf5 {[%clk 0:01:13]} 77. Re6 {[%clk 0:07:44]}  Kb8 {[%clk 0:01:27]} 78. Kc5 {[%clk 0:07:59]}  Ng7 {[%clk 0:01:43]} 79. Re5 {[%clk 0:08:23]}  Ka8 {[%clk 0:01:37]} 80. Kb6 {[%clk 0:08:46]}  Kb8 {[%clk 0:01:58]} 81. Rg5 {[%clk 0:09:06]}  Ne8 {[%clk 0:00:42]} 82. Rg8 {[%clk 0:09:28]}  Kc8 {[%clk 0:00:34]} 83. Rxe8+ {[%clk 0:09:46]}  Kd7 {[%clk 0:00:59]} 84. Rh8 {[%clk 0:10:07]}  Ke6 {[%clk 0:00:51]} 85. a6 {[%clk 0:10:30]}  Kd5 {[%clk 0:00:44]} 86. a7 {[%clk 0:10:53]}  Ke4 {[%clk 0:01:06]} 87. a8=Q+ {[%clk 0:11:14]} 1-0

[Event "Masters Tournament (MTO)"]
[Site "Biel, CH"]
[Date "2025.07.18"]
[Round "5"]
[White "Arfan, Aditya Bagus"]
[Black "Georgescu, Lena"]
[Result "1-0"]
[Board "9"]
[WhiteFideId "7106041"]
[BlackFideId "1331973"]
[WhiteTitle "IM"]
[BlackTitle "WGM"]
[WhiteElo "2385"]
[BlackElo "2185"]
[WhiteTeam "INA"]
[BlackTeam "SUI"]
[WhiteClock "0:01:16"]
[BlackClock "0:00:48"]
[Variant "Standard"]

1. Nf3 {[%clk 1:36:04]}  Nf6 {[%clk 1:40:43]} 2. c4 {[%clk 1:36:12]}  c5 {[%clk 1:41:08]} 3. g3 {[%clk 1:36:05]}  b6 {[%clk 1:41:08]} 4. Bg2 {[%clk 1:36:18]}  Bb7 {[%clk 1:41:33]} 5. O-O {[%clk 1:35:52]}  e6 {[%clk 1:41:39]} 6. Nc3 {[%clk 1:33:50]}  Be7 {[%clk 1:41:56]} 7. d4 {[%clk 1:33:18]}  cxd4 {[%clk 1:42:21]} 8. Qxd4 {[%clk 1:33:43]}  O-O {[%clk 1:41:43]} 9. Rd1 {[%clk 1:33:42]}  d6 {[%clk 1:41:25]} 10. b3 {[%clk 1:33:19]}  Nbd7 {[%clk 1:40:14]} 11. e4 {[%clk 1:14:51]}  Rc8 {[%clk 1:33:29]} 12. Ba3 {[%clk 1:13:26]}  Nc5 {[%clk 1:33:49]} 13. e5 {[%clk 1:09:37]}  Bxf3 {[%clk 1:33:04]} 14. Bxf3 {[%clk 1:04:23]}  dxe5 {[%clk 1:33:25]} 15. Qxe5 {[%clk 1:01:12]}  Ncd7 {[%clk 1:33:47]} 16. Bxe7 {[%clk 1:01:34]}  Nxe5 {[%clk 1:33:54]} 17. Bxd8 {[%clk 1:01:06]}  Nxf3+ {[%clk 1:34:08]} 18. Kg2 {[%clk 1:01:31]}  Nh4+ {[%clk 1:26:50]} 19. gxh4 {[%clk 0:51:26]}  Rcxd8 {[%clk 1:33:54]} 20. Nb5 {[%clk 0:50:55]}  Ra8 {[%clk 1:11:53]} 21. Kf3 {[%clk 0:28:10]}  Rfc8 {[%clk 1:21:40]} 22. a4 {[%clk 0:21:00]}  a5 {[%clk 1:10:29]} 23. Rd6 {[%clk 0:22:40]}  Rab8 {[%clk 1:06:59]} 24. Rad1 {[%clk 0:16:30]}  Kf8 {[%clk 0:44:31]} 25. Na7 {[%clk 0:16:12]}  Rc7 {[%clk 0:38:15]} 26. Nc6 {[%clk 0:16:26]}  Rbc8 {[%clk 0:36:34]} 27. Ne5 {[%clk 0:14:04]}  Rb7 {[%clk 0:25:04]} 28. Ke3 {[%clk 0:13:51]}  Ke8 {[%clk 0:18:13]} 29. f3 {[%clk 0:12:32]}  Rcc7 {[%clk 0:13:31]} 30. Rd8+ {[%clk 0:11:54]}  Ke7 {[%clk 0:13:59]} 31. Rh8 {[%clk 0:10:47]}  Nd7 {[%clk 0:10:14]} 32. Nxd7 {[%clk 0:11:12]}  Rxd7 {[%clk 0:10:38]} 33. Rxd7+ {[%clk 0:07:00]}  Rxd7 {[%clk 0:11:04]} 34. Rxh7 {[%clk 0:07:27]}  Rd1 {[%clk 0:08:19]} 35. Rxg7 {[%clk 0:07:56]}  Rb1 {[%clk 0:08:37]} 36. h5 {[%clk 0:03:31]}  Rxb3+ {[%clk 0:09:01]} 37. Kf2 {[%clk 0:02:48]}  Rc3 {[%clk 0:08:00]} 38. Rg8 {[%clk 0:00:48]}  Rxc4 {[%clk 0:07:28]} 39. Kg3 {[%clk 0:01:12]}  Rc5 {[%clk 0:02:15]} 40. Kh4 {[%clk 0:00:39]}  Rc4+ {[%clk 0:01:21]} 41. Kg3 {[%clk 0:24:14]}  Rc5 {[%clk 0:29:04]} 42. Kg4 {[%clk 0:24:37]}  Rc2 {[%clk 0:27:55]} 43. Kh3 {[%clk 0:21:11]}  Rc5 {[%clk 0:26:46]} 44. Kh4 {[%clk 0:23:44]}  Rc4+ {[%clk 0:25:46]} 45. Rg4 {[%clk 0:00:40]}  Rc8 {[%clk 0:02:00]} 46. h6 {[%clk 0:15:35]}  Rh8 {[%clk 0:02:28]} 47. Kg5 {[%clk 0:09:34]}  Rg8+ {[%clk 0:02:34]} 48. Kh5 {[%clk 0:09:30]}  Rh8 {[%clk 0:03:00]} 49. Rg7 {[%clk 0:06:07]}  Kf6 {[%clk 0:03:01]} 50. Rg5 {[%clk 0:05:37]}  Rc8 {[%clk 0:01:14]} 51. Rg4 {[%clk 0:01:17]}  Rc5+ {[%clk 0:01:22]} 52. Kh4 {[%clk 0:01:46]}  Rc8 {[%clk 0:01:22]} 53. h3 {[%clk 0:02:08]}  Rd8 {[%clk 0:01:14]} 54. f4 {[%clk 0:01:21]}  Rc8 {[%clk 0:01:13]} 55. Rg5 {[%clk 0:01:38]}  Rc5 {[%clk 0:00:48]} 56. h7 {[%clk 0:01:16]} 1-0

[Event "Masters Tournament (MTO)"]
[Site "Biel, CH"]
[Date "2025.07.18"]
[Round "5"]
[White "Soo, Kai Jie"]
[Black "Otsuka, Shou"]
[Result "1-0"]
[Board "10"]
[WhiteFideId "5803454"]
[BlackFideId "7004702"]
[WhiteTitle "FM"]
[BlackTitle "FM"]
[WhiteElo "2240"]
[BlackElo "2362"]
[WhiteTeam "AUS"]
[BlackTeam "JPN"]
[WhiteClock "1:15:45"]
[BlackClock "0:01:42"]
[Variant "Standard"]

1. d4 {[%clk 1:40:50]}  Nf6 {[%clk 1:40:42]} 2. c4 {[%clk 1:41:12]}  e6 {[%clk 1:41:07]} 3. g3 {[%clk 1:41:37]}  c5 {[%clk 1:41:30]} 4. d5 {[%clk 1:41:43]}  exd5 {[%clk 1:41:32]} 5. cxd5 {[%clk 1:42:09]}  d6 {[%clk 1:41:57]} 6. Nc3 {[%clk 1:42:30]}  g6 {[%clk 1:42:24]} 7. Bg2 {[%clk 1:42:53]}  Bg7 {[%clk 1:42:50]} 8. Nf3 {[%clk 1:43:16]}  O-O {[%clk 1:43:16]} 9. O-O {[%clk 1:43:39]}  Re8 {[%clk 1:43:43]} 10. Bf4 {[%clk 1:43:31]}  h6 {[%clk 1:43:37]} 11. Re1 {[%clk 1:39:58]}  g5 {[%clk 1:38:02]} 12. Bd2 {[%clk 1:41:32]}  Bf5 {[%clk 1:36:57]} 13. h4 {[%clk 1:38:51]}  g4 {[%clk 1:36:25]} 14. Nh2 {[%clk 1:40:15]}  Bg6 {[%clk 1:34:34]} 15. e4 {[%clk 1:24:31]}  Qd7 {[%clk 1:30:50]} 16. Bf4 {[%clk 1:35:44]}  Na6 {[%clk 1:25:53]} 17. Qd2 {[%clk 1:31:13]}  Kh7 {[%clk 1:12:22]} 18. e5 {[%clk 1:30:48]}  dxe5 {[%clk 1:11:51]} 19. Bxe5 {[%clk 1:13:17]}  Ne4 {[%clk 0:50:05]} 20. Bxe4 {[%clk 1:08:55]}  Bxe5 {[%clk 0:47:48]} 21. Bxg6+ {[%clk 1:25:31]}  fxg6 {[%clk 0:38:47]} 22. Re2 {[%clk 1:14:28]}  Re7 {[%clk 0:29:19]} 23. Rae1 {[%clk 1:19:12]}  Rae8 {[%clk 0:27:44]} 24. d6 {[%clk 1:17:22]}  Qxd6 {[%clk 0:27:16]} 25. Nd5 {[%clk 0:54:48]}  h5 {[%clk 0:03:08]} 26. Nxe7 {[%clk 1:17:49]}  Bd4 {[%clk 0:03:33]} 27. Nf1 {[%clk 1:17:43]}  Nc7 {[%clk 0:03:53]} 28. Qg5 {[%clk 1:15:14]}  Rf8 {[%clk 0:02:28]} 29. Nxg6 {[%clk 1:15:58]}  Qxg6 {[%clk 0:02:19]} 30. Re7+ {[%clk 1:16:22]}  Bg7 {[%clk 0:01:42]} 31. Rxc7 {[%clk 1:15:45]} 1-0

[Event "Masters Tournament (MTO)"]
[Site "Biel, CH"]
[Date "2025.07.18"]
[Round "5"]
[White "Tureshbayev, Anuar"]
[Black "Chen, Yuan"]
[Result "0-1"]
[Board "11"]
[WhiteFideId "651081709"]
[BlackFideId "8618860"]
[WhiteElo "2163"]
[BlackElo "2286"]
[WhiteTeam "IRL"]
[BlackTeam "CHN"]
[WhiteClock "0:16:46"]
[BlackClock "0:48:06"]
[Variant "Standard"]

1. e4 {[%clk 1:40:58]}  c5 {[%clk 1:39:22]} 2. Nf3 {[%clk 1:41:23]}  e6 {[%clk 1:39:32]} 3. d4 {[%clk 1:41:49]}  cxd4 {[%clk 1:39:57]} 4. Nxd4 {[%clk 1:42:15]}  Nf6 {[%clk 1:40:22]} 5. Nc3 {[%clk 1:42:42]}  Nc6 {[%clk 1:40:50]} 6. a3 {[%clk 1:43:08]}  d5 {[%clk 1:39:27]} 7. exd5 {[%clk 1:42:03]}  exd5 {[%clk 1:38:23]} 8. Be3 {[%clk 1:32:19]}  Bd6 {[%clk 1:35:15]} 9. Be2 {[%clk 1:29:42]}  O-O {[%clk 1:35:00]} 10. O-O {[%clk 1:29:35]}  h6 {[%clk 1:29:11]} 11. Qd2 {[%clk 1:26:23]}  Bg4 {[%clk 1:19:06]} 12. Bf4 {[%clk 1:05:59]}  Bxe2 {[%clk 1:15:20]} 13. Ndxe2 {[%clk 1:05:54]}  Bc5 {[%clk 1:02:32]} 14. Rad1 {[%clk 1:01:15]}  Re8 {[%clk 0:43:26]} 15. Bg3 {[%clk 0:36:56]}  a6 {[%clk 0:55:07]} 16. Rfe1 {[%clk 0:32:00]}  d4 {[%clk 0:51:35]} 17. Na4 {[%clk 0:29:45]}  Bf8 {[%clk 0:48:43]} 18. b4 {[%clk 0:24:59]}  b5 {[%clk 0:46:50]} 19. Nb2 {[%clk 0:25:18]}  a5 {[%clk 0:47:17]} 20. c3 {[%clk 0:23:40]}  axb4 {[%clk 0:46:14]} 21. axb4 {[%clk 0:24:05]}  dxc3 {[%clk 0:46:19]} 22. Qxc3 {[%clk 0:24:10]}  Qb6 {[%clk 0:46:31]} 23. Nd3 {[%clk 0:23:11]}  Nd5 {[%clk 0:46:03]} 24. Qb2 {[%clk 0:22:15]}  Ndxb4 {[%clk 0:45:11]} 25. Nef4 {[%clk 0:20:20]}  Nxd3 {[%clk 0:44:54]} 26. Nxd3 {[%clk 0:20:42]}  Rxe1+ {[%clk 0:43:55]} 27. Rxe1 {[%clk 0:21:06]}  Rd8 {[%clk 0:44:04]} 28. Ne5 {[%clk 0:18:57]}  Nxe5 {[%clk 0:43:11]} 29. Bxe5 {[%clk 0:19:15]}  b4 {[%clk 0:43:19]} 30. h3 {[%clk 0:18:47]}  Qe6 {[%clk 0:42:33]} 31. Re3 {[%clk 0:18:16]}  Qc4 {[%clk 0:41:07]} 32. Kh2 {[%clk 0:17:22]}  Qd5 {[%clk 0:41:00]} 33. Bg3 {[%clk 0:14:52]}  Ra8 {[%clk 0:35:30]} 34. Qb1 {[%clk 0:14:16]}  g6 {[%clk 0:35:15]} 35. Re5 {[%clk 0:12:02]}  Qc4 {[%clk 0:33:44]} 36. Re4 {[%clk 0:12:02]}  Qc6 {[%clk 0:32:51]} 37. Re3 {[%clk 0:09:33]}  h5 {[%clk 0:33:08]} 38. Re4 {[%clk 0:06:58]}  Ra1 {[%clk 0:30:57]} 39. Qxa1 {[%clk 0:04:57]}  Qxe4 {[%clk 0:31:18]} 40. Be5 {[%clk 0:04:04]}  h4 {[%clk 0:28:40]} 41. Kg1 {[%clk 0:02:07]}  Kh7 {[%clk 0:25:31]} 42. Kh1 {[%clk 0:01:23]}  Bh6 {[%clk 0:23:08]} 43. f3 {[%clk 0:27:05]}  Qe3 {[%clk 0:52:36]} 44. Bb2 {[%clk 0:25:48]}  Qe2 {[%clk 0:52:30]} 45. Bd4 {[%clk 0:21:55]}  b3 {[%clk 0:50:29]} 46. Bf6 {[%clk 0:18:31]}  Qd2 {[%clk 0:45:49]} 47. Bb2 {[%clk 0:17:16]}  Bf4 {[%clk 0:45:48]} 48. Qb1 {[%clk 0:17:12]}  Bg3 {[%clk 0:45:40]} 49. Kg1 {[%clk 0:15:40]}  Qf2+ {[%clk 0:45:45]} 50. Kh1 {[%clk 0:16:07]}  Qe1+ {[%clk 0:46:04]} 51. Qxe1 {[%clk 0:16:34]}  Bxe1 {[%clk 0:46:30]} 52. Kg1 {[%clk 0:16:26]}  Bd2 {[%clk 0:46:29]} 53. Kf2 {[%clk 0:16:37]}  Bh6 {[%clk 0:46:22]} 54. f4 {[%clk 0:15:04]}  Bg7 {[%clk 0:46:20]} 55. Ba3 {[%clk 0:15:25]}  b2 {[%clk 0:46:40]} 56. Bxb2 {[%clk 0:15:52]}  Bxb2 {[%clk 0:47:06]} 57. Kf3 {[%clk 0:16:01]}  f5 {[%clk 0:47:21]} 58. Kf2 {[%clk 0:16:24]}  Bc1 {[%clk 0:47:40]} 59. Kf3 {[%clk 0:16:46]}  Kh6 {[%clk 0:48:06]} 0-1

[Event "Masters Tournament (MTO)"]
[Site "Biel, CH"]
[Date "2025.07.18"]
[Round "5"]
[White "Ho, Carter"]
[Black "Bok, Benjamin"]
[Result "0-1"]
[Board "12"]
[WhiteFideId "30965292"]
[BlackFideId "1017063"]
[WhiteTitle "CM"]
[BlackTitle "GM"]
[WhiteElo "2208"]
[BlackElo "2593"]
[WhiteTeam "USA"]
[BlackTeam "NED"]
[WhiteClock "0:35:16"]
[BlackClock "0:23:38"]
[Variant "Standard"]

1. e4 {[%clk 1:40:55]}  c5 {[%clk 1:38:06]} 2. Nf3 {[%clk 1:41:18]}  d6 {[%clk 1:38:14]} 3. d4 {[%clk 1:41:40]}  cxd4 {[%clk 1:38:36]} 4. Nxd4 {[%clk 1:42:04]}  Nf6 {[%clk 1:39:00]} 5. Nc3 {[%clk 1:42:22]}  a6 {[%clk 1:39:19]} 6. Bd3 {[%clk 1:42:27]}  e5 {[%clk 1:38:39]} 7. Nde2 {[%clk 1:42:31]}  Be7 {[%clk 1:38:42]} 8. O-O {[%clk 1:42:54]}  O-O {[%clk 1:38:54]} 9. Ng3 {[%clk 1:42:38]}  Re8 {[%clk 1:37:33]} 10. Nd5 {[%clk 1:14:14]}  Nxd5 {[%clk 1:11:11]} 11. exd5 {[%clk 1:38:46]}  g6 {[%clk 0:59:51]} 12. f4 {[%clk 1:24:25]}  f5 {[%clk 0:57:33]} 13. fxe5 {[%clk 1:17:26]}  dxe5 {[%clk 0:55:52]} 14. Nxf5 {[%clk 1:02:33]}  Bxf5 {[%clk 0:49:48]} 15. Bxf5 {[%clk 1:01:00]}  Qb6+ {[%clk 0:53:17]} 16. Kh1 {[%clk 1:10:33]}  gxf5 {[%clk 0:53:43]} 17. Rxf5 {[%clk 1:10:02]}  Nd7 {[%clk 0:53:08]} 18. Be3 {[%clk 0:49:42]}  Qxe3 {[%clk 0:42:17]} 19. Qg4+ {[%clk 0:58:31]}  Kh8 {[%clk 0:42:39]} 20. Rf7 {[%clk 0:58:42]}  Qh6 {[%clk 0:39:12]} 21. Qxd7 {[%clk 0:57:47]}  Bd6 {[%clk 0:39:24]} 22. Rf3 {[%clk 0:46:31]}  Re7 {[%clk 0:32:23]} 23. Qf5 {[%clk 0:40:02]}  e4 {[%clk 0:31:55]} 24. Rh3 {[%clk 0:40:22]}  Qf4 {[%clk 0:29:26]} 25. Qxf4 {[%clk 0:36:27]}  Bxf4 {[%clk 0:29:55]} 26. Re1 {[%clk 0:35:47]}  Bd2 {[%clk 0:28:15]} 27. Re2 {[%clk 0:36:00]}  Rf8 {[%clk 0:27:31]} 28. g4 {[%clk 0:35:42]}  e3 {[%clk 0:27:03]} 29. g5 {[%clk 0:35:32]}  Rf1+ {[%clk 0:22:48]} 30. Kg2 {[%clk 0:35:56]}  Ref7 {[%clk 0:23:12]} 31. d6 {[%clk 0:35:02]}  R1f2+ {[%clk 0:23:11]} 32. Rxf2 {[%clk 0:34:54]}  Rxf2+ {[%clk 0:23:37]} 33. Kg3 {[%clk 0:35:16]}  e2 {[%clk 0:23:38]} 0-1

[Event "Masters Tournament (MTO)"]
[Site "Biel, CH"]
[Date "2025.07.18"]
[Round "5"]
[White "Schimnatkowski, Lukas"]
[Black "Tahay, Alexis"]
[Result "1-0"]
[Board "13"]
[WhiteFideId "12936723"]
[BlackFideId "26090961"]
[BlackTitle "IM"]
[WhiteElo "2202"]
[BlackElo "2375"]
[WhiteTeam "GER"]
[BlackTeam "FRA"]
[WhiteClock "0:14:04"]
[BlackClock "0:25:57"]
[Variant "Standard"]

1. e4 {[%clk 1:40:57]}  c5 {[%clk 1:39:24]} 2. Nc3 {[%clk 1:41:14]}  a6 {[%clk 1:39:42]} 3. Nf3 {[%clk 1:38:30]}  d6 {[%clk 1:39:45]} 4. d4 {[%clk 1:38:54]}  cxd4 {[%clk 1:40:07]} 5. Nxd4 {[%clk 1:39:09]}  Nf6 {[%clk 1:39:46]} 6. g3 {[%clk 1:39:24]}  e5 {[%clk 1:38:28]} 7. Nf3 {[%clk 1:39:03]}  Be7 {[%clk 1:38:14]} 8. Nh4 {[%clk 1:39:19]}  g6 {[%clk 1:36:06]} 9. Ng2 {[%clk 1:36:24]}  O-O {[%clk 1:29:04]} 10. Ne3 {[%clk 1:31:26]}  Be6 {[%clk 1:29:20]} 11. Bg2 {[%clk 1:30:38]}  Nbd7 {[%clk 1:19:32]} 12. O-O {[%clk 1:27:41]}  Rc8 {[%clk 1:15:41]} 13. a4 {[%clk 1:11:11]}  Re8 {[%clk 0:58:47]} 14. Ncd5 {[%clk 1:03:28]}  Bxd5 {[%clk 0:50:36]} 15. exd5 {[%clk 0:56:50]}  a5 {[%clk 0:47:30]} 16. b3 {[%clk 0:46:12]}  Nc5 {[%clk 0:48:38]} 17. Nc4 {[%clk 0:50:51]}  Nxa4 {[%clk 0:46:02]} 18. Bd2 {[%clk 0:32:42]}  Rxc4 {[%clk 0:37:44]} 19. bxc4 {[%clk 0:31:38]}  Nb2 {[%clk 0:36:47]} 20. Qe2 {[%clk 0:28:03]}  Qc8 {[%clk 0:35:15]} 21. Bxa5 {[%clk 0:26:02]}  Nxc4 {[%clk 0:34:07]} 22. Bb4 {[%clk 0:26:13]}  Qc7 {[%clk 0:33:07]} 23. Rfb1 {[%clk 0:20:16]}  e4 {[%clk 0:25:43]} 24. Be1 {[%clk 0:18:46]}  Bd8 {[%clk 0:16:19]} 25. Ra4 {[%clk 0:11:07]}  Nb6 {[%clk 0:13:28]} 26. Ba5 {[%clk 0:08:47]}  Qd7 {[%clk 0:21:54]} 27. Rab4 {[%clk 0:08:00]}  Nbxd5 {[%clk 0:21:13]} 28. Rxb7 {[%clk 0:08:02]}  Qc8 {[%clk 0:15:22]} 29. Rb8 {[%clk 0:04:21]}  Qd7 {[%clk 0:10:03]} 30. Qb5 {[%clk 0:03:08]}  Qe7 {[%clk 0:09:45]} 31. Bxd8 {[%clk 0:02:25]}  Rxd8 {[%clk 0:10:11]} 32. Rxd8+ {[%clk 0:02:43]}  Qxd8 {[%clk 0:10:40]} 33. Qb8 {[%clk 0:02:43]}  Qf8 {[%clk 0:10:01]} 34. c4 {[%clk 0:01:44]}  Nc3 {[%clk 0:10:12]} 35. Rb6 {[%clk 0:01:37]}  Qxb8 {[%clk 0:07:28]} 36. Rxb8+ {[%clk 0:02:02]}  Kg7 {[%clk 0:07:52]} 37. Rd8 {[%clk 0:02:02]}  d5 {[%clk 0:08:19]} 38. cxd5 {[%clk 0:01:21]}  Ncxd5 {[%clk 0:08:02]} 39. Bxe4 {[%clk 0:01:24]}  Ne7 {[%clk 0:07:33]} 40. Bb7 {[%clk 0:00:57]}  g5 {[%clk 0:07:53]} 41. h3 {[%clk 0:28:00]}  Ng6 {[%clk 0:37:05]} 42. Rd4 {[%clk 0:25:19]}  Kf8 {[%clk 0:36:29]} 43. Kg2 {[%clk 0:25:30]}  Ke7 {[%clk 0:36:36]} 44. Ra4 {[%clk 0:24:37]}  h6 {[%clk 0:35:44]} 45. Bf3 {[%clk 0:23:45]}  Ne5 {[%clk 0:34:46]} 46. Ra7+ {[%clk 0:23:30]}  Kf8 {[%clk 0:34:19]} 47. Bd1 {[%clk 0:23:31]}  Kg7 {[%clk 0:32:42]} 48. Bb3 {[%clk 0:22:16]}  Kf8 {[%clk 0:32:31]} 49. Ra6 {[%clk 0:20:28]}  Kg7 {[%clk 0:32:47]} 50. Ra5 {[%clk 0:20:19]}  Nc6 {[%clk 0:31:22]} 51. Rc5 {[%clk 0:19:50]}  Ne7 {[%clk 0:31:46]} 52. Rc7 {[%clk 0:19:45]}  Kf8 {[%clk 0:32:15]} 53. Ra7 {[%clk 0:19:36]}  Ne4 {[%clk 0:31:42]} 54. Ba2 {[%clk 0:18:49]}  Nf6 {[%clk 0:31:22]} 55. Kf3 {[%clk 0:18:32]}  Nh5 {[%clk 0:30:43]} 56. Rb7 {[%clk 0:17:23]}  Nf6 {[%clk 0:30:58]} 57. Ke3 {[%clk 0:16:28]}  Nf5+ {[%clk 0:30:27]} 58. Kf3 {[%clk 0:16:12]}  Ne7 {[%clk 0:30:14]} 59. Bb3 {[%clk 0:15:27]}  Ke8 {[%clk 0:25:57]} 60. Rb8+ {[%clk 0:14:04]} 1-0